|
|
|
|
| LEADER |
00000nam0a2200000 4500 |
| 001 |
155548 |
| 005 |
20231101221838.0 |
| 010 |
|
|
|a 5760300091
|
| 020 |
|
|
|a RU
|b 92-36003
|
| 035 |
|
|
|a (RuTPU)RU\TPU\book\168726
|
| 090 |
|
|
|a 155548
|
| 100 |
|
|
|a 20090317d1992 c y0rusy5003 ca
|
| 101 |
1 |
|
|a rus
|c ita
|
| 102 |
|
|
|a RU
|
| 105 |
|
|
|a a z 000ay
|
| 200 |
1 |
|
|a Путешествие Голубой Стрелы
|e для дошкольного и младшего школьного возраста
|f Д. Родари
|g пер. с итал. Ю. Ермаченко ; худож. Л. В. Владимирский
|
| 210 |
|
|
|a Москва
|c Содействие
|d 1992
|
| 215 |
|
|
|a 160 с.
|c цв. ил.
|
| 606 |
1 |
|
|a Итальянская литература
|2 stltpush
|3 (RuTPU)RU\TPU\subj\13307
|9 39932
|
| 610 |
1 |
|
|a сказки
|
| 610 |
1 |
|
|a детская литература
|
| 675 |
|
|
|a 85
|z rus
|
| 700 |
|
1 |
|a Родари
|b Д.
|g Джанни
|
| 702 |
|
1 |
|a Ермаченко
|b Ю.
|4 730
|
| 702 |
|
1 |
|a Владимирский
|b Л. В.
|4 440
|
| 801 |
|
0 |
|a RU
|b RuMRKP
|c 19950413
|g psbo
|
| 801 |
|
1 |
|a RU
|b 63413507
|c 20090317
|g PSBO
|
| 801 |
|
2 |
|a RU
|b 63413507
|c 20170418
|g PSBO
|
| 942 |
|
|
|c BK
|